00929nam a22002297a 4500999001700000003000900017008004100026040007100067082001600138100002700154245002900181260002600210300002600236440004000262505019300302650003400495650001800529650002100547942001600568945002000584952009500604 c16292d16292AR-CdUCM190503b ||||| |||| 00| 0 spa d aMUNICIPALIDAD PROVINCIAL DEL CUSCOcBIBLIOTECA MUNICIPAL DEL CUSCO a141 /bS18  aSalazar Bondy, Augusto aIrrealidad e idealidad / aLima :bUNMSM,c1958. a147 paginas ;c22 cm. aSerie estudios filosóficos935648 aContenido : Diferenciación de la idealidad y la irrealidad -- Crítica de la diferenciación de la irrealidad y la idealidad -- División del ser ideal -- División del ser irreal... aOntologia filosófica935649 aRealidad9835 aSer ideal935650 2ddccLIBROS awntsd2019-05-3 002ddc4070aSHbSHcCARTd2019-05-03g60.00o141 / S18pSH0000011274r2019-05-03yLIBROS